|
|
|
|
| LEADER |
00000nab a2200000 ar4500 |
| 001 |
vtls008984527 |
| 003 |
SK-MaSNL |
| 005 |
20260319071249.0 |
| 008 |
070326c20070324xo ||||||h| 000 b|hun |
| 015 |
|
|
|a SNBRB2007/03
|2 snkbucl
|
| 038 |
|
|
|a SNKBUCL
|
| 040 |
|
|
|a DSZK
|b slo
|c DSZK
|e AACR2
|
| 041 |
0 |
|
|a hun
|
| 044 |
|
|
|a xo
|c SK
|
| 080 |
|
|
|a 78.071.2:786.8
|2 1997
|
| 080 |
|
|
|a 786.8
|2 1997
|
| 080 |
|
|
|a 929 Rácz, Tibor
|2 1997
|
| 100 |
1 |
|
|a Vojtek, Katalin,
|d 1949-
|4 ivr
|4 aut
|9 737115
|
| 245 |
1 |
0 |
|a Muzsikus határok nélkül
|b "mikor egy alkalommal meglátogattam, bezárt az egyik osztályba ..."
|c Vojtek Katalin, Rácz Tibor
|
| 300 |
|
|
|b Fotogr.
|
| 600 |
1 |
7 |
|a Rácz, Tibor,
|d 1953-
|2 snkbucl
|9 121059
|
| 650 |
0 |
7 |
|a hra na akordeóne
|2 SNKPH
|9 18260
|
| 655 |
|
7 |
|a rozhovory
|2 snkbucl
|9 31831
|
| 700 |
1 |
|
|a Rácz, Tibor,
|d 1953-
|4 ive
|4 aut
|9 121059
|
| 773 |
0 |
|
|t Új szó
|g Évf. 60, sz. 70 (24.3.2007), o. 10
|x 1335-7050
|
| 852 |
|
|
|a SNK
|b KIS3GCP
|
| 852 |
|
|
|a DSZK
|b KIS3GCP
|
| 958 |
|
|
|a HU
|
| 958 |
|
|
|a BX
|
| 999 |
|
|
|c 1751008
|d 1752938
|